000 00742cam a22002413a 4500
001 34314
003 PGUSA
005 20140828083736.0
008 101114s2010||||xxu|||||s|||||000 | eng d
040 _aPGUSA
_beng
042 _adc
050 4 _aQH
100 1 _aHall, E. Raymond
_q(Eugene Raymond),
_d1902-1986
245 1 2 _aA New Pocket Gopher (Thomomys) and A New Spiny Pocket Mouse (Liomys) from Michoacán, Mexico
_h[electronic resource] /
_cE. Raymond Hall
260 _bProject Gutenberg,
_c2010
506 _aPublic domain in the USA.
516 _aElectronic text
653 _aPocket gophers
653 _aPocket mice
830 0 _aProject Gutenberg
_v34314
856 4 0 _uhttp://www.gutenberg.org/ebooks/34314
942 _cEB
999 _c263569
_d263569